header

Oracle Primavera contract management (Record no. 48358)

MARC details
000 -LEADER
fixed length control field 01371nam a2200337Ia 4500
100 1# - MAIN ENTRY--AUTHOR NAME
Personal name Kelly, Stephen D.
245 10 - TITLE STATEMENT
Title Oracle Primavera contract management
250 ## - EDITION STATEMENT
Edition statement Version 14.
260 ## - PUBLICATION, DISTRIBUTION, ETC. (IMPRINT)
Place of publication Birmingham, UK :
Name of publisher Packt Pub.,
Year of publication 2012.
300 ## - PHYSICAL DESCRIPTION
Number of Pages 189 p. :
Other physical details ill.
500 ## - GENERAL NOTE
General note "Oracle Primavera contract management business intelligence publisher v14."
General note Includes index.
650 #0 - SUBJECT ADDED ENTRY--TOPICAL TERM
Topical Term Construction industry
Topical Term Production scheduling
856 40 - ELECTRONIC LOCATION AND ACCESS
Uniform Resource Identifier http://site.ebrary.com/lib/rucke/Doc?id=10639752

No items available.

© 2026 Rongo University
Contact us: librarian | system librarian | Rongo university